000 01675nam a22004457a 4500
003 CHAP
005 20220329135112.0
008 971013s1975 r 00010 d
010 _a30948
011 _a31920
035 _a36032
040 _cCHAP
090 _aFolleto 4782
100 0 0 _aCountryman, Clive M.
_928632
245 _aHeat-its role un wildland fire
260 _aBerkeley, Calif. :
_bPacific Southwest Forest and Range Experiment Station,
_c1975-76
300 _a5 v.
_b: ilus.
490 _aBlue serie
500 _aLa biblioteca tiene: v. 2-5
505 _aContenido: v.1 The nature of heat. -- v.2 Heat conduction. -- v.3 Heat conduction and wildland fire. -- v.4 Radiation. -- v.5 Tadiation and wildland fire
590 _aBATCH-UPD
_b10
_c20130110
_lUCH01
_h0138
590 _aBATCH-UPD
_b10
_c20130110
_lUCH01
_h1113
590 _aBATCH-UPD
_b10
_c20130410
_lUCH01
_h0704
590 _aBATCH-UPD
_b10
_c20130914
_lUCH01
_h0659
590 _aCONVERSION
_b10
_c20130109
_lUCH01
_h1318
650 1 4 _aBosques
_xIncendios.
_914211
650 1 4 _aCalor.
_917570
650 1 4 _aCalor
_xTransmisión.
_917579
650 1 4 _aEnergía solar.
_936911
650 1 4 _aRadiación solar.
_993678
830 0 _aBlue serie
_913224
901 _aBK
942 _cFOLL
949 _aFolleto 4782
_bBC
_cFOLL
_d-83118
_eTS1
_fv.1
_i36032
_si
949 _aFolleto 4782
_bBC
_cFOLL
_d-83120
_eTS1
_fv.2
_i36032
_si
949 _aFolleto 4782
_bBC
_cFOLL
_d-83121
_eTS1
_fv.3
_i36032
_si
949 _aFolleto 4782
_bBC
_cFOLL
_d-83122
_eTS1
_fv.4
_i36032
_si
949 _aFolleto 4782
_bBC
_cFOLL
_d-83123
_eTS1
_fv.5
_i36032
_si
949 _aFolleto 4782
_bBC
_cFOLL
_d-83124
_eTS1
_fv.1 c.2
_i36032
_si
999 _c30948
_d30948